| 000 | 00419nam a22001697a 4500 | ||
|---|---|---|---|
| 003 | BD-DhUIB | ||
| 005 | 20251025155146.0 | ||
| 008 | 251025b |||||||| |||| 00| 0 eng d | ||
| 040 |
_aBD-DhUIB _cBD-DhUIB |
||
| 050 | _a658.4033 | ||
| 082 | _222 | ||
| 100 |
_aAnderson, David R. _91042 |
||
| 245 |
_aQuantitavitive methods for business/ _cby David R. Anderson. |
||
| 250 | _a8th ed. | ||
| 526 | _aBBA. | ||
| 942 |
_2ddc _cBK |
||
| 999 |
_c600 _d600 |
||